Southville International School and Colleges
Your cart is empty.
  • Cart
  • Lists
    Public lists Eva Luna New books Lux_list list_1
    Your lists Log in to create your own lists
  • Log in to your account
  • Your cookies
  • Search history
Southville International School and Colleges
  • Advanced search
  • Recent comments
  • Most popular
  • Libraries

Log in to your account

Log in with GOOGLE


If you do not have an external account, but do have a local account, you can still log in:

  1. Home
  2. MARC view: Lifespan development in context:
Normal view MARC view ISBD view

Lifespan development in context: (Record no. 366163)

[ view plain ]
MARC details
000 -LEADER
fixed length control field 00686nam a22002057a 4500
003 - CONTROL NUMBER IDENTIFIER
control field 0
005 - DATE AND TIME OF LATEST TRANSACTION
control field 20240904090405.0
008 - FIXED-LENGTH DATA ELEMENTS--GENERAL INFORMATION
fixed length control field 240904b xxu||||| |||| 00| 0 eng d
022 ## - INTERNATIONAL STANDARD SERIAL NUMBER
Source 978-1-0719-1560-8
050 ## - LIBRARY OF CONGRESS CALL NUMBER
Classification number BF 713
Item number .K88 2024
100 ## - MAIN ENTRY--PERSONAL NAME
Personal name Kuther, Tara L.
245 ## - TITLE STATEMENT
Title Lifespan development in context:
Remainder of title a topical approach
Statement of responsibility, etc Tara L. Kuther
250 ## - EDITION STATEMENT
Edition statement Second edition
260 ## - PUBLICATION, DISTRIBUTION, ETC. (IMPRINT)
Place of publication, distribution, etc Los Angeles
Name of publisher, distributor, etc Sage Publications
Date of publication, distribution, etc 2024
300 ## - PHYSICAL DESCRIPTION
Extent xlv, 912 pages :
Other physical details colored illustrations and pictures ;
Dimensions 26cm.
504 ## - BIBLIOGRAPHY, ETC. NOTE
Bibliography, etc Includes bibliographical references, index, and glossary.
650 ## - SUBJECT ADDED ENTRY--TOPICAL TERM
Topical term or geographic name as entry element Developmental psychology.
650 ## - SUBJECT ADDED ENTRY--TOPICAL TERM
Topical term or geographic name as entry element Life cycle, human.
942 ## - ADDED ENTRY ELEMENTS (KOHA)
Source of classification or shelving scheme Library of Congress Classification
Koha item type Books
Holdings
Withdrawn status Lost status Source of classification or shelving scheme Damaged status Home library Current library Shelving location Date acquired Source of acquisition Sub Shelving location Total Checkouts Full call number Barcode Date last seen Price effective from Koha item type
    Library of Congress Classification   College Library College Library Reserve Section 09/04/2024 Library Fund     BF 713 .K88 2024 C23498 09/04/2024 09/04/2024 Books

Lifespan development in context:

APA

Kuther T. L., . (2024). Lifespan development in context. Los Angeles: Sage Publications.

Chicago

Kuther Tara L, . 2024. Lifespan development in context. Los Angeles: Sage Publications.

Harvard

Kuther T. L., . (2024). Lifespan development in context. Los Angeles: Sage Publications.

MLA

Kuther Tara L, . Lifespan development in context. Los Angeles: Sage Publications. 2024.

  • Place hold
  • Print
  • Cite
  • Add to your cart (remove)
  • Save record
    BIBTEX Dublin Core MARCXML MARC (non-Unicode/MARC-8) MARC (Unicode/UTF-8) MARC (Unicode/UTF-8, Standard) MODS (XML) RIS
  • More searches
    Search for this title in:
    Other Libraries (WorldCat) Other Databases (Google Scholar) Online Stores (Bookfinder.com) Open Library (openlibrary.org)

Exporting to Dublin Core...

SOUTHVILLE LIBRARY

Southville International School and Colleges Library

1281 Tropical Ave. Cor. Luxembourg St., BF Homes International, Las Pinas City

Tel. No. 8256374 / 252358 Loc. 117/146

Powered by Koha